00325nam a2200121Ia 4500008004100000041000800041082001400049100001600063245004400079260004000123300003100163365000900194240624s9999 xx 000 0 und d aeng a658.4 WIG aWIGAND ROLF aINFORMATION ORGANIZATION AND MANAGEMENT c1997aNew YorkbJohn Wiley and Sons axiv, : 458 : p. : cm. ; 23 cb30